00489nmm a2200145Ia 4500008004100000020001800041041000800059100003200067245008200099264005100181300001800232490002900250650001300279856005100292251105s9999||||xx |||||||||||||||||und|| a9788497425704 aspa aHernandez Sacristan, Carlos 0aInhibicion y lenguaje :b A proposito de la afasia y la experiencia del decir a[Madrid, España] :bBiblioteca Nueva, c2006 a248 páginas aPsicología Universidad aMedicine uhttps://public.digitaliapublishing.com/a/17538